[Event "COL-ch Amateur U2000"]
[Site "Bogota"]
[Date "2017.03.03"]
[Round "2"]
[White "Casas Cobos, Julio Eduardo"]
[Black "Palomino Escobar, Daniel Fernando"]
[Result "0-1"]
[WhiteElo "1948"]
[BlackElo "1763"]
[PlyCount "49"]
[EventDate "2017.03.02"]
[EventType "swiss"]
[EventRounds "7"]
[EventCountry "COL"]
[SourceTitle "CBM 177 Extra"]
[Source "ChessBase"]
[SourceDate "2017.04.27"]
[SourceVersion "1"]
[SourceVersionDate "2017.04.27"]
[SourceQuality "1"]

1. e4 e6 2. d4 d5 3. Nd2 Nf6 4. e5 Nfd7 5. f4 c5 6. c3 Nc6 7. dxc5 Bxc5 8. Qg4 0-0 9. Bd3 Qb6 10. Nh3 Ne7 11. Nf3 f6 12. Bxh7+ Kxh7 13. Qh5+ Kg8 14. Nhg5 fxg5 15. Nxg5 Rf5 16. Qh7+ Kf8 17. Qh8+ Ng8 18. g4 Bf2+ 19. Ke2 Rxg5 20. fxg5 Nxe5 21. Rf1 Nxg4 22. h3 Qb5+ 23. Kf3 Qxf1 24. hxg4 Bg1+ 25. Kg3 0-1